[Event "Niederoesterreichische Landesliga"]
[Site "Verschiedene"]
[Date "2019.02.17"]
[Round "8"]
[Board "2"]
[White "Groetz, Harald"]
[Black "Peyrer, Konstantin"]
[Result "1-0"]
[WhiteElo "2339"]
[BlackElo "2150"]
[PlyCount "53"]
[EventDate "2018.09.30"]
[EventType "team"]
[EventRounds "11"]
[EventCountry "AUT"]
[WhiteTeam "SV Stockerau"]
[BlackTeam "ASK Kottingbrunn"]

1. e4 c5 2. Nc3 d6 3. g3 Nf6 4. Bg2 Nc6 5. d3 g6 6. f4 h5 7. Nf3 Nd4 8. Ne2
Nxf3+ 9. Bxf3 h4 10. c3 e5 11. Be3 Be7 12. Qd2 Be6 13. d4 cxd4 14. cxd4 d5 15.
fxe5 Nxe4 16. Bxe4 dxe4 17. O-O Qd7 18. Nf4 hxg3 19. hxg3 Bg4 20. d5 Qf5 21. d6
Bd8 22. Qd5 Bf3 23. Rxf3 exf3 24. Qxb7 Qg4 25. Bf2 g5 26. e6 fxe6 27. Qg7  1-0

[Event "Niederoesterreichische Landesliga"]
[Site "Verschiedene"]
[Date "2019.02.17"]
[Round "8"]
[Board "3"]
[White "Morgunov, Daniel"]
[Black "Batyte, Daiva"]
[Result "1-0"]
[WhiteElo "2328"]
[BlackElo "2172"]
[PlyCount "83"]
[EventDate "2018.09.30"]
[EventType "team"]
[EventRounds "11"]
[EventCountry "AUT"]
[WhiteTeam "ASK Kottingbrunn"]
[BlackTeam "SV Stockerau"]

1. e4 e6 2. d3 d5 3. Qe2 dxe4 4. dxe4 e5 5. Nf3 Nc6 6. g3 Bg4 7. c3 Nf6 8. Bg2
Bd6 9. O-O O-O 10. h3 Be6 11. Nbd2 Nd7 12. b4 a6 13. a4 Re8 14. Nc4 Be7 15. Rd1
Qc8 16. a5 Nf8 17. Kh2 Ng6 18. h4 f6 19. h5 Nf8 20. Ne3 Nd8 21. Nd5 Nf7 22. Be3
Nd7 23. Nxe7+ Rxe7 24. Nh4 Nd6 25. Nf5 Nxf5 26. exf5 Bf7 27. Be4 c6 28. c4 Qe8
29. h6 g6 30. Rd6 g5 31. Rad1 Rc8 32. Qd3 Rc7 33. Bb6 Nxb6 34. axb6 Rc8 35.
Rxf6 Kh8 36. c5 Bg8 37. g4 Rf7 38. Qd6 Re7 39. Qd2 Rf7 40. Rxf7 Qxf7 41. Qxg5
Re8 42. Rd7  1-0

[Event "Niederoesterreichische Landesliga"]
[Site "Verschiedene"]
[Date "2019.02.17"]
[Round "8"]
[Board "4"]
[White "Schirmbeck, Hannes"]
[Black "Miazhynski, Yuri"]
[Result "0-1"]
[WhiteElo "2126"]
[BlackElo "2151"]
[PlyCount "58"]
[EventDate "2018.09.30"]
[EventType "team"]
[EventRounds "11"]
[EventCountry "AUT"]
[WhiteTeam "SV Stockerau"]
[BlackTeam "ASK Kottingbrunn"]

1. e4 g6 2. d4 Bg7 3. Nf3 d6 4. Nc3 Nf6 5. Be2 O-O 6. O-O a6 7. a4 b6 8. Re1
Bb7 9. Bc4 c5 10. d5 Nbd7 11. Bg5 Ne5 12. Nxe5 dxe5 13. Qd3 Ne8 14. Rad1 Nd6
15. Re3 f6 16. Bh4 Bh6 17. Ree1 Qc7 18. Bg3 Kg7 19. Rf1 Bc8 20. Ba2 c4 21. Qe2
b5 22. f4 exf4 23. Bxf4 Bxf4 24. Rxf4 Nf7 25. Rff1 Ne5 26. h3 b4 27. d6 Qa7+
28. Kh1 bxc3 29. Bxc4 cxb2  0-1

[Event "Niederoesterreichische Landesliga"]
[Site "Verschiedene"]
[Date "2019.03.03"]
[Round "9"]
[Board "1"]
[White "Rumpl, Erwin"]
[Black "Wirius, Johannes"]
[Result "1/2-1/2"]
[WhiteElo "2293"]
[BlackElo "2185"]
[PlyCount "52"]
[EventDate "2018.09.30"]
[EventType "team"]
[EventRounds "11"]
[EventCountry "AUT"]
[WhiteTeam "SV Amstetten"]
[BlackTeam "ASK Kottingbrunn"]

1. e4 g6 2. d4 Bg7 3. Nf3 d6 4. Bc4 Nf6 5. Qe2 d5 6. exd5 Nxd5 7. O-O Nb6 8.
Bd3 O-O 9. Nbd2 Nc6 10. c3 Na5 11. Bc2 Be6 12. Re1 Re8 13. Ne5 Bd5 14. h4 Nc6
15. h5 Nxe5 16. dxe5 Qd7 17. hxg6 hxg6 18. Bb3 Rad8 19. Nf3 Qg4 20. Be3 Nc4 21.
Bd4 b5 22. Bxc4 Bxc4 23. Qe4 Qxe4 24. Rxe4 a6 25. Ree1 Bh6 26. b4 Bd5  1/2-1/2

[Event "Niederoesterreichische Landesliga"]
[Site "Verschiedene"]
[Date "2019.03.03"]
[Round "9"]
[Board "2"]
[White "Peyrer, Konstantin"]
[Black "Rechberger, Franz"]
[Result "1/2-1/2"]
[WhiteElo "2150"]
[BlackElo "2106"]
[PlyCount "110"]
[EventDate "2018.09.30"]
[EventType "team"]
[EventRounds "11"]
[EventCountry "AUT"]
[WhiteTeam "ASK Kottingbrunn"]
[BlackTeam "SV Amstetten"]

1. c4 c5 2. Nf3 Nf6 3. Nc3 d5 4. cxd5 Nxd5 5. d4 cxd4 6. Qxd4 Nxc3 7. Qxc3 Nc6
8. e4 e6 9. a3 Qa5 10. Bd2 Qxc3 11. Bxc3 f6 12. Bc4 e5 13. h3 Bd7 14. O-O Rc8
15. Rac1 Bd6 16. Rfd1 Ke7 17. Rc2 Nd8 18. Bb3 Bc6 19. Rcd2 Bc5 20. Bd5 Ba4 21.
b3 Be8 22. Bb2 b5 23. Rc1 Rc7 24. Rdc2 Kd6 25. a4 Bb6 26. Ba3+ Kd7 27. axb5
Rxc2 28. Rxc2 Ne6 29. g3 Nc7 30. Bc6+ Ke6 31. Bxe8 Rxe8 32. Bc5 Bxc5 33. Rxc5
Kd6 34. b4 Rb8 35. Nh4 Rxb5 36. Nf5+ Kd7 37. Rc4 Ne8 38. Rc3 g6 39. Ne3 Rxb4
40. Ra3 Rb7 41. Nd5 f5 42. exf5 gxf5 43. Ra5 Nd6 44. Ra6 Nc4 45. Nf6+ Kc8 46.
Ra4 Nd2 47. Kg2 Nb3 48. Nd5 a5 49. f4 exf4 50. Rxf4 Kd7 51. Rxf5 Ke6 52. Ne3 a4
53. Rh5 Ra7 54. Nc4 a3 55. Nxa3 Rxa3  1/2-1/2

[Event "Niederoesterreichische Landesliga"]
[Site "Verschiedene"]
[Date "2019.03.03"]
[Round "9"]
[Board "3"]
[White "Wadsack, Wolfgang"]
[Black "Lampl, Gerald"]
[Result "1/2-1/2"]
[WhiteElo "2165"]
[BlackElo "2106"]
[PlyCount "111"]
[EventDate "2018.09.30"]
[EventType "team"]
[EventRounds "11"]
[EventCountry "AUT"]
[WhiteTeam "SV Amstetten"]
[BlackTeam "ASK Kottingbrunn"]

1. e4 c6 2. d4 d5 3. exd5 cxd5 4. c4 Nf6 5. Nc3 g6 6. cxd5 Bg7 7. Qb3 O-O 8.
Bg5 Qb6 9. Qxb6 axb6 10. Bc4 Na6 11. Nge2 Nb4 12. O-O Rd8 13. Bxf6 Bxf6 14.
Rfd1 Bg4 15. f3 Bf5 16. g4 Bd7 17. Rac1 Bg5 18. f4 Bf6 19. a3 Na6 20. h3 Nc7
21. Ne4 Ne8 22. Kf2 Bh4+ 23. Kf3 f5 24. d6+ Kg7 25. gxf5 Bxf5 26. dxe7 Bxe7 27.
N2g3 Bxh3 28. Re1 Bd7 29. Bb3 Bc6 30. Rcd1 Nf6 31. Kf2 Ng4+ 32. Kf3 Nf6 33. Kf2
Nxe4+ 34. Nxe4 Bh4+ 35. Ng3 Rf8 36. d5 Rxf4+ 37. Kg2 Bb5 38. Re3 Raf8 39. Rd2
h5 40. Bd1 Bd8 41. Rb3 Bd7 42. Bxh5 Rh4 43. Bf3 Rfh8 44. Kg1 b5 45. Rg2 Bb6+
46. Kf1 Rf4 47. Ke1 Re8+ 48. Kd2 Ba5+ 49. Kc2 Kf6 50. Re2 b4 51. Rxe8 Bxe8 52.
Re3 Bd7 53. axb4 Bxb4 54. Ne4+ Kf5 55. Ng3+ Kf6 56. Ne4+  1/2-1/2

[Event "Niederoesterreichische Landesliga"]
[Site "Verschiedene"]
[Date "2019.03.03"]
[Round "9"]
[Board "4"]
[White "Dittel, Herbert"]
[Black "Wadsack, Winfried"]
[Result "1-0"]
[WhiteElo "2062"]
[BlackElo "2103"]
[PlyCount "55"]
[EventDate "2018.09.30"]
[EventType "team"]
[EventRounds "11"]
[EventCountry "AUT"]
[WhiteTeam "ASK Kottingbrunn"]
[BlackTeam "SV Amstetten"]

1. c4 e5 2. Nc3 Nf6 3. g3 d5 4. cxd5 Nxd5 5. Bg2 c6 6. Nxd5 cxd5 7. Qb3 e4 8.
d3 f5 9. Nh3 Nc6 10. O-O Ne7 11. Be3 a5 12. a4 Qd6 13. Rfd1 Qb4 14. Qc2 Nc6 15.
dxe4 dxe4 16. Nf4 Ra6 17. Nd5 Qd6 18. Bf4 Qg6 19. Nc7+ Kf7 20. Nxa6 bxa6 21.
Rac1 Ne7 22. Rd6 Be6 23. Qc7 Qh5 24. e3 h6 25. Bf1 Ba2 26. Bc4+ Bxc4 27. Qxc4+
Ke8 28. Qe6  1-0

[Event "Niederoesterreichische Landesliga"]
[Site "Verschiedene"]
[Date "2019.03.03"]
[Round "9"]
[Board "1"]
[White "Khalakhan, Jurij"]
[Black "Mostbauer, Florian"]
[Result "1/2-1/2"]
[WhiteElo "2219"]
[BlackElo "2342"]
[PlyCount "87"]
[EventDate "2018.09.30"]
[EventType "team"]
[EventRounds "11"]
[EventCountry "AUT"]
[WhiteTeam "SGM Litschau/Eisgarn"]
[BlackTeam "KSV Boehlerwerk"]

{[%evp 0,7,19,-3,31,11,41,-1,33,20]} 1. c4 c6 2. e4 d5 3. exd5 cxd5 4. cxd5 Nf6
5. Nc3 Nxd5 6. Nf3 e6 7. d4 Nc6 8. Bd3 Ncb4 9. Bb1 Nxc3 10. bxc3 Nd5 11. c4 Nc3
12. Qb3 Nxb1 13. Rxb1 Be7 14. O-O O-O 15. Bf4 b6 16. Rfd1 Bb7 17. d5 exd5 18.
cxd5 Bd6 19. Bxd6 Qxd6 20. Rd4 Rfd8 21. Rbd1 Qf6 22. Ne1 Rd6 23. Nc2 Rad8 24.
Ne3 h6 25. h3 R6d7 26. Qd3 Qg5 27. h4 Qe5 28. g3 Qf6 29. Rf4 Qb2 30. a4 Bxd5
31. Nxd5 Rxd5 32. Qxd5 Rxd5 33. Rxd5 Qc1+ 34. Kh2 Qc7 35. a5 bxa5 36. Ra4 Qc2
37. Rdxa5 Qxf2+ 38. Kh3 Qf1+ 39. Kh2 Qe2+ 40. Kh3 f5 41. Rxa7 Qf1+ 42. Kh2 Qf2+
43. Kh3 Kh7 44. Re7  1/2-1/2

[Event "Niederoesterreichische Landesliga"]
[Site "Verschiedene"]
[Date "2019.03.03"]
[Round "9"]
[Board "2"]
[White "Lovrinovic, Christian"]
[Black "Bauer, Thomas"]
[Result "1-0"]
[WhiteElo "2106"]
[BlackElo "2171"]
[PlyCount "65"]
[EventDate "2018.09.30"]
[EventType "team"]
[EventRounds "11"]
[EventCountry "AUT"]
[WhiteTeam "KSV Boehlerwerk"]
[BlackTeam "SGM Litschau/Eisgarn"]

{[%evp 0,17,19,9,17,0,2,0,30,-17,-15,0,9,-4,-14,-14,-11,-1,-10,-10]} 1. d4 e6
2. c4 Nf6 3. Nc3 Bb4 4. g3 O-O 5. Bg2 d5 6. a3 Bxc3+ 7. bxc3 dxc4 8. Qa4 Bd7 9.
Qxc4 Bc6 10. f3 Nbd7 11. e4 Nb6 12. Qb3 Ba4 13. Qa2 c5 14. dxc5 Rc8 15. cxb6
Rxc3 16. Qd2 Rd3 17. Qb4 Rd4 18. Qb2 Rc4 19. Bd2 Rc2 20. Qb4 a5 21. Qxa5 Qd4
22. Rd1 Rc4 23. Ne2 Qd3 24. Rc1 Bc2 25. Nf4 Qd4 26. Ne2 Qd3 27. Nf4 Qd4 28. Bf1
Nxe4 29. fxe4 Qxe4+ 30. Kf2 Ra4 31. Qc3 e5 32. Qxc2 Qxh1 33. Bg2  1-0

[Event "Niederoesterreichische Landesliga"]
[Site "Verschiedene"]
[Date "2019.03.03"]
[Round "9"]
[Board "3"]
[White "Wagner, Stefan"]
[Black "Danner, Lambert"]
[Result "1-0"]
[WhiteElo "2146"]
[BlackElo "2041"]
[PlyCount "51"]
[EventDate "2018.09.30"]
[EventType "team"]
[EventRounds "11"]
[EventCountry "AUT"]
[WhiteTeam "SGM Litschau/Eisgarn"]
[BlackTeam "KSV Boehlerwerk"]

{[%evp 0,24,13,-6,44,28,32,-13,45,40,65,32,35,-33,-38,-15,-23,-26,18,3,28,0,-9,
-9,-8,-14,2]} 1. c4 f5 2. g3 Nf6 3. Bg2 d6 4. Nc3 g6 5. d3 Bg7 6. e4 fxe4 7.
dxe4 O-O 8. Nge2 Ng4 9. O-O c6 10. h3 Ne5 11. b3 Nf3+ 12. Kh1 e5 13. Be3 Qf6
14. Qd3 Nd4 15. Rad1 c5 16. f4 Nbc6 17. fxe5 Qxe5 18. Rxf8+ Bxf8 19. Nxd4 cxd4
20. Bxd4 Nxd4 21. Qxd4 Qxg3 22. Qd5+ Kg7 23. Rd3 Qe5 24. Nb5 Qa1+ 25. Rd1 Qxa2
26. Rf1  1-0

[Event "Niederoesterreichische Landesliga"]
[Site "Verschiedene"]
[Date "2019.03.03"]
[Round "9"]
[Board "4"]
[White "Ehs, Dominik"]
[Black "Plasil, Jiri"]
[Result "1/2-1/2"]
[WhiteElo "2089"]
[BlackElo "2048"]
[PlyCount "70"]
[EventDate "2018.09.30"]
[EventType "team"]
[EventRounds "11"]
[EventCountry "AUT"]
[WhiteTeam "KSV Boehlerwerk"]
[BlackTeam "SGM Litschau/Eisgarn"]

{[%evp 0,24,19,28,39,39,59,68,58,68,47,47,86,35,54,55,52,42,72,59,81,55,80,77,
92,58,85]} 1. e4 d5 2. exd5 Qxd5 3. Nc3 Qa5 4. d4 Nf6 5. Nf3 Bg4 6. Be2 e6 7.
h3 Bh5 8. O-O c6 9. Ne5 Bg6 10. Re1 Be7 11. Bf4 O-O 12. Bf3 Bb4 13. Nxg6 hxg6
14. Qd3 Rd8 15. a3 Bd6 16. Bd2 Qc7 17. Ne4 Nxe4 18. Qxe4 Nd7 19. c4 Nf6 20. Qc2
Rd7 21. Bc3 Be7 22. Rad1 Rad8 23. Qa4 Ra8 24. g3 a6 25. Ba5 Qc8 26. Bb6 Bd8 27.
Bc5 Bc7 28. Qb3 a5 29. a4 Bd6 30. Bxd6 Rxd6 31. d5 exd5 32. cxd5 cxd5 33. Bxd5
Nxd5 34. Rxd5 Rxd5 35. Qxd5 Qc7  1/2-1/2

[Event "Niederoesterreichische Landesliga"]
[Site "Verschiedene"]
[Date "2019.03.03"]
[Round "9"]
[Board "2"]
[White "Ganaus, Hannes"]
[Black "Vyskocil, Neklan"]
[Result "1-0"]
[WhiteElo "2290"]
[BlackElo "2315"]
[PlyCount "91"]
[EventDate "2018.09.30"]
[EventType "team"]
[EventRounds "11"]
[EventCountry "AUT"]
[WhiteTeam "ASVOE VHS Poechlarn"]
[BlackTeam "SK Zwettl"]

1. Nf3 Nf6 2. c4 e6 3. Nc3 d5 4. cxd5 exd5 5. d4 c6 6. Bg5 Be7 7. e3 O-O 8. Bd3
Nbd7 9. Qc2 Re8 10. h3 Nf8 11. Bf4 Bd6 12. Bxd6 Qxd6 13. O-O Qe7 14. Rab1 Ne4
15. b4 a6 16. a4 Ng6 17. b5 axb5 18. axb5 Nh4 19. Bxe4 dxe4 20. Nxh4 Qxh4 21.
bxc6 bxc6 22. Ra1 Bf5 23. Rxa8 Rxa8 24. Ne2 Qf6 25. Ng3 g6 26. Rc1 Rc8 27. Qc5
Kg7 28. Nxf5+ Qxf5 29. d5 Qe5 30. dxc6 Qxc5 31. Rxc5 Kf6 32. Kh2 Ke6 33. Kg3
Kd6 34. Rc4 Ke5 35. h4 h6 36. c7 Kd5 37. Rc1 Ke5 38. Rc2 f5 39. Rc6 g5 40. h5
Kd5 41. Rxh6 Rxc7 42. Rg6 Rc1 43. Rxg5 Ke5 44. Kh2 Kf6 45. Rg6+ Kf7 46. Ra6  1-0

[Event "Niederoesterreichische Landesliga"]
[Site "Verschiedene"]
[Date "2019.03.03"]
[Round "9"]
[Board "3"]
[White "Mozny, Milos"]
[Black "Weinzettl, Ernst"]
[Result "1/2-1/2"]
[WhiteElo "2283"]
[BlackElo "2220"]
[PlyCount "31"]
[EventDate "2018.09.30"]
[EventType "team"]
[EventRounds "11"]
[EventCountry "AUT"]
[WhiteTeam "SK Zwettl"]
[BlackTeam "ASVOE VHS Poechlarn"]

1. d4 Nf6 2. Nf3 g6 3. g3 Bg7 4. Bg2 O-O 5. c4 d6 6. Nc3 c6 7. O-O Qa5 8. h3 e5
9. e4 Nbd7 10. Be3 exd4 11. Bxd4 Ne5 12. c5 Nfd7 13. cxd6 Qb4 14. Kh1 Qxd6 15.
Bxe5 Qxd1 16. Raxd1  1/2-1/2

[Event "Niederoesterreichische Landesliga"]
[Site "Verschiedene"]
[Date "2019.03.03"]
[Round "9"]
[Board "4"]
[White "Ernst, Michael"]
[Black "Mlynek, Petr"]
[Result "1-0"]
[WhiteElo "2155"]
[BlackElo "2092"]
[PlyCount "45"]
[EventDate "2018.09.30"]
[EventType "team"]
[EventRounds "11"]
[EventCountry "AUT"]
[WhiteTeam "ASVOE VHS Poechlarn"]
[BlackTeam "SK Zwettl"]

1. d4 d5 2. Bf4 Nf6 3. e3 c5 4. c3 e6 5. Nd2 Bd6 6. Bg3 Nc6 7. Ngf3 b6 8. Bd3
O-O 9. e4 dxe4 10. Nxe4 Nxe4 11. Bxe4 Bb7 12. dxc5 Bxc5 13. Qa4 Rc8 14. Rd1 Qf6
15. Bh4 b5 16. Qxb5 Qf4 17. Bxh7+ Kxh7 18. Qxc5 e5 19. Bg3 Nd4 20. Qxd4 exd4
21. Bxf4 Rfe8+ 22. Kd2 dxc3+ 23. bxc3  1-0

[Event "Niederoesterreichische Landesliga"]
[Site "Verschiedene"]
[Date "2019.03.03"]
[Round "9"]
[Board "1"]
[White "Mikes, Jan"]
[Black "Froewis, Georg"]
[Result "1-0"]
[WhiteElo "2307"]
[BlackElo "2419"]
[PlyCount "103"]
[EventDate "2018.09.30"]
[EventType "team"]
[EventRounds "11"]
[EventCountry "AUT"]
[WhiteTeam "SGM Mistelbach/Altlichtenwarth"]
[BlackTeam "SGM Voest Krems"]

1. e4 d5 2. exd5 Qxd5 3. Nc3 Qd6 4. d4 Nf6 5. Nf3 Nc6 6. Nb5 Qd8 7. d5 Nb4 8.
c4 e6 9. a3 Na6 10. Qa4 Bd7 11. dxe6 fxe6 12. Be3 Ng4 13. Rd1 Nxe3 14. fxe3 c6
15. Nbd4 Qc7 16. Qc2 e5 17. Qe4 O-O-O 18. Qxe5 Bd6 19. Qxg7 Rde8 20. Kf2 Nc5
21. Bd3 Rhg8 22. Qh6 Nxd3+ 23. Rxd3 Rg6 24. Qxh7 Reg8 25. Rg1 Qd8 26. c5 Bxc5
27. Nf5 Qe8 28. Qxd7+ Qxd7 29. Rxd7 Kxd7 30. Ne5+ Ke6 31. Nxg6 Kxf5 32. Nh4+
Ke4 33. Re1 Rd8 34. Nf3 Rd3 35. Ng5+ Kf5 36. h4 Kg4 37. Nf3 Bd6 38. Rc1 Bg3+
39. Ke2 Rb3 40. Rc2 Rb5 41. b4 Bd6 42. Rd2 Be7 43. Rd4+ Kg3 44. Rd7 Bf6 45. Rd6
Rf5 46. e4 Rf4 47. Ke3 a5 48. h5 axb4 49. axb4 Bh8 50. h6 Kg4 51. Rg6+ Kh5 52.
Rg5+  1-0

[Event "Niederoesterreichische Landesliga"]
[Site "Verschiedene"]
[Date "2019.03.03"]
[Round "9"]
[Board "2"]
[White "Kleiser, Gregor"]
[Black "Vrana, Frantisek"]
[Result "0-1"]
[WhiteElo "2192"]
[BlackElo "2252"]
[PlyCount "112"]
[EventDate "2018.09.30"]
[EventType "team"]
[EventRounds "11"]
[EventCountry "AUT"]
[WhiteTeam "SGM Voest Krems"]
[BlackTeam "SGM Mistelbach/Altlichtenwarth"]

1. d4 Nf6 2. Nf3 d6 3. Bf4 Nbd7 4. e3 Nh5 5. Bg5 h6 6. Bh4 g5 7. Nfd2 Ndf6 8.
Be2 Ng7 9. Bg3 Nf5 10. c3 h5 11. e4 h4 12. exf5 hxg3 13. fxg3 Bxf5 14. Qb3 Qc8
15. O-O e6 16. g4 Nxg4 17. Bxg4 Bxg4 18. Ne4 Bf5 19. Rxf5 exf5 20. Nxg5 Qd7 21.
Nd2 Bh6 22. Re1+ Kf8 23. Ndf3 Re8 24. Rf1 Rg8 25. Nh3 Re2 26. Nh4 Qe7 27. Qb5
Qxh4 28. Qxe2 Qxh3 29. Re1 Qh4 30. g3 Qd8 31. Qb5 f4 32. Kg2 Rg6 33. Qxb7 Kg7
34. Qf3 Qg5 35. Re8 Rf6 36. Re7 fxg3 37. Qxg3 Rg6 38. Qxg5 Bxg5 39. Rd7 c6 40.
Rxa7 Bc1+ 41. Kf3 Bxb2 42. Ke4 Bxc3 43. Kd3 Ba1 44. a4 Rh6 45. a5 d5 46. a6
Rh3+ 47. Kc2 Bxd4 48. Rc7 Rxh2+ 49. Kb3 c5 50. Rd7 c4+ 51. Kb4 Rb2+ 52. Ka3 Rb6
53. Rxd5 Bb2+ 54. Ka2 c3 55. Kb1 Rxa6 56. Kc2 Rg6  0-1

[Event "Niederoesterreichische Landesliga"]
[Site "Verschiedene"]
[Date "2019.03.03"]
[Round "9"]
[Board "4"]
[White "Wallner, Erich"]
[Black "Hajek, Oskar"]
[Result "0-1"]
[WhiteElo "2223"]
[BlackElo "2147"]
[PlyCount "154"]
[EventDate "2018.09.30"]
[EventType "team"]
[EventRounds "11"]
[EventCountry "AUT"]
[WhiteTeam "SGM Voest Krems"]
[BlackTeam "SGM Mistelbach/Altlichtenwarth"]

1. d4 c5 2. d5 e5 3. c4 d6 4. e4 Nf6 5. Nc3 Nbd7 6. Bd3 Be7 7. Nge2 O-O 8. Ng3
g6 9. Bh6 Re8 10. O-O Bf8 11. Be3 a6 12. Rb1 h5 13. h3 h4 14. Nge2 Nh5 15. b4
cxb4 16. Rxb4 Nc5 17. Na4 Qf6 18. Nb6 Rb8 19. Nxc8 Rexc8 20. Qd2 Nf4 21. Bc2
Bh6 22. Kh2 Nxe2 23. Bxh6 Nf4 24. g3 Nh5 25. Kg2 Qh8 26. Rfb1 hxg3 27. fxg3 f6
28. Be3 Qh7 29. Qf2 Qe7 30. Rb6 Ng7 31. Bxc5 Rxc5 32. Bd3 a5 33. Qb2 Rc7 34.
Qa3 Rc5 35. Qb3 f5 36. Rf1 Qg5 37. Rxd6 Nh5 38. Rf3 Nf4+ 39. Kf1 Qh5 40. Be2
Nxe2 41. g4 fxg4 42. hxg4 Qxg4 43. Kxe2 Qxe4+ 44. Kf2 Rxc4 45. Qd3 Rc2+ 46. Kf1
Qxd3+ 47. Rxd3 Rf8+ 48. Kg1 Kg7 49. Rg3 Rf6 50. Rd7+ Kh6 51. Re7 Rxa2 52. Rxb7
e4 53. Re7 Rb6 54. Kh1 Rb1+ 55. Rg1 Rb3 56. Re1 Rd3 57. Re5 Rad2 58. R5xe4 Rxd5
59. Ra4 R2d4 60. Rea1 Rxa4 61. Rxa4 g5 62. Kg2 Kh5 63. Kg3 Kg6 64. Kh3 Kf5 65.
Kg3 Rb5 66. Kf3 Ke5 67. Ke3 Kd5 68. Kd3 Kc5 69. Kc3 Kb6 70. Rg4 Rf5 71. Kb3 Kb5
72. Kc3 Rc5+ 73. Kb3 Kc6 74. Rd4 Rd5 75. Rc4+ Kd6 76. Rc8 Ke5 77. Rg8 Kf4  0-1

[Event "Niederoesterreichische Landesliga"]
[Site "Verschiedene"]
[Date "2019.03.03"]
[Round "9"]
[Board "1"]
[White "Wetscherek, Gerhard"]
[Black "Rubil, Marko"]
[Result "1/2-1/2"]
[WhiteElo "2074"]
[BlackElo "2201"]
[PlyCount "80"]
[EventDate "2018.09.30"]
[EventType "team"]
[EventRounds "11"]
[EventCountry "AUT"]
[WhiteTeam "SGM Bisamberg/Korneuburg"]
[BlackTeam "SK Advisory Invest Baden"]

1. e4 e5 2. Nf3 Nc6 3. Bc4 Bc5 4. c3 Nf6 5. d4 exd4 6. e5 d5 7. Bb5 Ne4 8. cxd4
Bb6 9. h3 O-O 10. Nc3 Be6 11. O-O f6 12. Bxc6 bxc6 13. exf6 Qxf6 14. Nxe4 dxe4
15. Ne5 Rad8 16. Be3 c5 17. Ng4 Qf5 18. d5 Rxd5 19. Qc2 h5 20. Nh2 Rd3 21. Rfe1
Rf6 22. Nf1 h4 23. Rad1 Bxa2 24. Rxd3 exd3 25. Qa4 Bf7 26. Qxh4 c4 27. Nd2 Qa5
28. Rd1 Bxe3 29. fxe3 Qc5 30. Re1 Qd5 31. Rf1 Rxf1+ 32. Kxf1 c5 33. Qf4 Qh5 34.
Nf3 Qh6 35. Ke1 Qb6 36. Ng5 Bg6 37. Qxc4+ Kh8 38. Qh4+ Kg8 39. Qc4+ Kh8 40.
Qh4+ Kg8  1/2-1/2

[Event "Niederoesterreichische Landesliga"]
[Site "Verschiedene"]
[Date "2019.03.03"]
[Round "9"]
[Board "2"]
[White "Zojer, Stefan"]
[Black "Pammer, Andreas"]
[Result "0-1"]
[WhiteElo "2125"]
[BlackElo "2086"]
[PlyCount "74"]
[EventDate "2018.09.30"]
[EventType "team"]
[EventRounds "11"]
[EventCountry "AUT"]
[WhiteTeam "SK Advisory Invest Baden"]
[BlackTeam "SGM Bisamberg/Korneuburg"]

1. d4 g6 2. Nf3 c6 3. e4 d5 4. e5 Nh6 5. h3 Nf5 6. c3 h6 7. Bd3 Be6 8. O-O Qd7
9. Qe2 Ng7 10. g4 a5 11. a4 Na6 12. Bd2 Nc7 13. b4 h5 14. Nh2 axb4 15. cxb4
hxg4 16. hxg4 Rxh2 17. Kxh2 Bxg4 18. f3 Bh5 19. Nc3 Nf5 20. Bxf5 Qxf5 21. b5
Bg7 22. a5 c5 23. a6 cxd4 24. axb7 Rb8 25. b6 Bxe5+ 26. Kg2 dxc3 27. bxc7 Bxc7
28. Qb5+ Kd8 29. Ra8 cxd2 30. Rxb8+ Bxb8 31. Qb6+ Ke8 32. Qc6+ Kf8 33. Qc8+ Kg7
34. Qxb8 d1=Q 35. Rxd1 Bxf3+ 36. Kh2 Qc2+ 37. Kg3 Qg2+  0-1

[Event "Niederoesterreichische Landesliga"]
[Site "Verschiedene"]
[Date "2019.03.03"]
[Round "9"]
[Board "3"]
[White "Seidler, Dieter"]
[Black "Juenger, Heinz"]
[Result "0-1"]
[WhiteElo "1959"]
[BlackElo "2141"]
[PlyCount "92"]
[EventDate "2018.09.30"]
[EventType "team"]
[EventRounds "11"]
[EventCountry "AUT"]
[WhiteTeam "SGM Bisamberg/Korneuburg"]
[BlackTeam "SK Advisory Invest Baden"]

1. d4 Nf6 2. c4 g6 3. Nc3 d5 4. e3 Bg7 5. Nf3 O-O 6. Be2 c5 7. O-O cxd4 8. Nxd4
Nc6 9. Nxc6 bxc6 10. cxd5 cxd5 11. Rb1 Bf5 12. Bd3 e6 13. a3 Rb8 14. Bxf5 gxf5
15. Qd3 Rb3 16. Qa6 Qb8 17. Ne2 Ng4 18. g3 Rb6 19. Qa4 Bxb2 20. Bxb2 Rxb2 21.
Rxb2 Qxb2 22. Nd4 Qb6 23. Rc1 Ne5 24. Qd1 Qb2 25. Rc2 Qxa3 26. Qh5 Qe7 27. f4
Ng6 28. h4 Ra8 29. Qh6 a5 30. h5 Qf8 31. Nxf5 exf5 32. Qg5 h6 33. Qxf5 Ne7 34.
Qe5 f6 35. Qd6 Kf7 36. Rc7 Rd8 37. Qc5 a4 38. Qc2 Qg7 39. Kf2 Kf8 40. Qxa4 Qg4
41. Qc2 Nf5 42. Qc5+ Kg8 43. Qb6 Qxg3+ 44. Ke2 Re8 45. Rc8 Nd4+ 46. Qxd4 Qg2+
 0-1

[Event "Niederoesterreichische Landesliga"]
[Site "Verschiedene"]
[Date "2019.03.03"]
[Round "9"]
[Board "4"]
[White "Herndlbauer, Martin"]
[Black "Benavente, Christian"]
[Result "0-1"]
[WhiteElo "2058"]
[BlackElo "1969"]
[PlyCount "132"]
[EventDate "2018.09.30"]
[EventType "team"]
[EventRounds "11"]
[EventCountry "AUT"]
[WhiteTeam "SK Advisory Invest Baden"]
[BlackTeam "SGM Bisamberg/Korneuburg"]

1. c4 c5 2. e3 e6 3. d4 d5 4. a3 a5 5. Nc3 Nf6 6. Nf3 Nc6 7. Bd3 Be7 8. O-O O-O
9. b3 b6 10. cxd5 exd5 11. Bb5 Qd6 12. Bb2 Bg4 13. Rc1 Rac8 14. Na4 Na7 15. Ba6
Rc7 16. Qd3 Bd7 17. dxc5 bxc5 18. Be5 Qe6 19. Bxc7 c4 20. Bxc4 dxc4 21. Qd4 Nb5
22. Qxc4 Qxc4 23. bxc4 Nxc7 24. Nb6 Bxa3 25. Nxd7 Nxd7 26. Rb1 Nc5 27. Nd4 Bb4
28. Nc6 Bd2 29. Rfd1 Ne4 30. Rb7 Ne6 31. Ne7+ Kh8 32. Nd5 Nd6 33. Rb6 Nxc4 34.
Rc6 Ne5 35. Ra6 Nc5 36. Ra7 Nb3 37. Kf1 Nc6 38. Rb7 a4 39. Rxb3 axb3 40. Rxd2
Rb8 41. Nc3 Ne5 42. Ke2 g5 43. Rd5 f6 44. Rb5 Rxb5 45. Nxb5 Kg7 46. h3 h5 47.
Kd2 h4 48. Nd4 b2 49. Kc2 Nd3 50. g3 g4 51. Nf5+ Kh7 52. Nxh4 gxh3 53. Nf3 Ne1+
54. Nxe1 h2 55. Kxb2 h1=Q 56. Nd3 Qc6 57. Nb4 Qc4 58. Nc2 Kg6 59. Nd4 Kg5 60.
Nf3+ Kg4 61. Nd2 Qc6 62. Nb3 Kh3 63. Nd4 Qc8 64. Ne2 Kg2 65. f4 Kf2 66. Nc3
Kxe3  0-1

[Event "Niederoesterreichische Landesliga"]
[Site "Verschiedene"]
[Date "2019.03.17"]
[Round "10"]
[Board "2"]
[White "Pammer, Andreas"]
[Black "Scheffknecht, Philipp"]
[Result "1/2-1/2"]
[WhiteElo "2086"]
[BlackElo "2101"]
[PlyCount "49"]
[EventDate "2018.09.30"]
[EventType "team"]
[EventRounds "11"]
[EventCountry "AUT"]
[WhiteTeam "SGM Bisamberg/Korneuburg"]
[BlackTeam "SGM Voest Krems"]

1. c4 Nf6 2. Nc3 g6 3. e4 d6 4. d4 Bg7 5. h3 O-O 6. Bg5 h6 7. Be3 e5 8. d5 a5
9. Bd3 Na6 10. Nge2 Nd7 11. g4 Ndc5 12. Bc2 Nb4 13. Bb1 Bd7 14. a3 Nba6 15. Ng3
c6 16. O-O cxd5 17. Nxd5 a4 18. Bc2 b5 19. Qd2 Kh7 20. cxb5 Bxb5 21. Rfd1 Qh4
22. Kg2 Rab8 23. Nb4 Rfd8 24. Rab1 Nc7 25. Nd5  1/2-1/2